[Event "zonal 3.4 (w)"]
[Site "Tashkent UZB"]
[Date "2007.10.04"]
[Round "1"]
[White "Antonova, Nadezhda"]
[Black "Rysbaeva, Aigerim"]
[Result "1-0"]
[WhiteElo "1846"]
[BlackElo "2163"]
[EventDate "2007.10.04"]
[PlyCount "71"]

1.d4 d5 2.c4 dxc4 3.Nc3 a6 4.a4 Nc6 5.Nf3 Nf6 6.Bg5 Bg4 7.e3 Na5 8.Qc2 
Bxf3 9.gxf3 e6 10.Be2 Be7 11.O-O Qd7 12.Rad1 O-O-O 13.Ne4 Nxe4 14.Bxe7 
Qxe7 15.fxe4 e5 16.Qc3 Nc6 17.d5 Nb8 18.Qxc4 Rd6 19.f4 Rg6+ 20.Kh1 Rh6 21.
d6 Rxd6 22.Rxd6 Qxd6 23.Bg4+ f5 24.Rd1 Qb6 25.Bxf5+ Nd7 26.Rxd7 Kb8 27.
fxe5 Qxb2 28.Qxc7+ Ka7 29.Qc5+ Ka8 30.e6 Qe2 31.Qc1 Ka7 32.e7 Rc8 33.Rxb7+
Kxb7 34.Qxc8+ Kb6 35.Qc1 Qh5 36.Bd7 1-0

[Event "zonal 3.4 (w)"]
[Site "Tashkent UZB"]
[Date "2007.10.04"]
[Round "1"]
[White "Khamrakulova, Yulduz"]
[Black "Aketaeva, Dana"]
[Result "0-1"]
[WhiteElo "2185"]
[BlackElo "2212"]
[EventDate "2007.10.04"]
[PlyCount "71"]

1.d4 Nf6 2.c4 e6 3.Nf3 b6 4.g3 Bb7 5.Bg2 Be7 6.O-O O-O 7.Nc3 Ne4 8.Qc2 
Nxc3 9.Qxc3 c5 10.Rd1 cxd4 11.Qxd4 d6 12.Qc3 Nd7 13.Bf4 Qc7 14.Rac1 Nf6 
15.Ne1 Bxg2 16.Nxg2 Rac8 17.Qd3 Rfd8 18.e4 Qb7 19.f3 d5 20.cxd5 exd5 21.e5
Nh5 22.Bd2 g6 23.Kh1 d4 24.Rxc8 Qxc8 25.b3 Qe6 26.Re1 a5 27.Re4 a4 28.Rxd4
Rxd4 29.Qxd4 Nxg3+ 30.hxg3 Qh3+ 31.Kg1 Bc5 32.Qxc5 bxc5 33.Kf2 axb3 34.
axb3 Qe6 35.b4 cxb4 36.Bxb4 0-1

[Event "zonal 3.4 (w)"]
[Site "Tashkent UZB"]
[Date "2007.10.04"]
[Round "1"]
[White "Khamrakulova, Iroda"]
[Black "Muminova, Nafisa"]
[Result "0-1"]
[WhiteElo "2193"]
[BlackElo "2164"]
[EventDate "2007.10.04"]
[PlyCount "114"]

1.e4 e6 2.d4 d5 3.exd5 exd5 4.Bd3 Bd6 5.Nf3 Bg4 6.Be3 Nc6 7.c3 Nge7 8.h3 
Bh5 9.Nbd2 Qd7 10.Qc2 Bg6 11.Nh4 Bxd3 12.Qxd3 O-O-O 13.O-O-O f6 14.f4 Rde8
15.Rhf1 Kb8 16.Rf3 Nc8 17.Nb3 b6 18.Rdf1 Bf8 19.f5 Nd6 20.g4 Nc4 21.Ng2 
Bd6 22.Bf4 Re4 23.Bxd6 Qxd6 24.Nf4 Rhe8 25.Ne6 Nd8 26.Nf4 Re1+ 27.Rxe1 
Rxe1+ 28.Kc2 Re4 29.Ne2 Nf7 30.Nd2 Ng5 31.Rf2 Nxd2 32.Kxd2 Re7 33.Kc2 Ne4 
34.Rg2 Qd7 35.b3 Qd6 36.Kb2 Kb7 37.Qf3 Ng5 38.Qd3 Ne4 39.Qf3 Nd2 40.Qd3 
Ne4 41.Qf3 Ng5 42.Qd3 Re4 43.h4 Nf7 44.Qf3 Kb8 45.Ng3 Rf4 46.Qe2 Nh6 47.
Nh5 Re4 48.Qf3 g6 49.Ng7 Rf4 50.Qe3 Nxg4 51.Qe8+ Kb7 52.fxg6 hxg6 53.Qxg6 
Ne3 54.Re2 Re4 55.Qh5 Qe7 56.Rxe3 Rxe3 57.Qxd5+ c6 0-1

[Event "zonal 3.4 (w)"]
[Site "Tashkent UZB"]
[Date "2007.10.04"]
[Round "1"]
[White "Sabirova, Olga"]
[Black "Tokhiryanova, Khulkar"]
[Result "0-1"]
[WhiteElo "2256"]
[BlackElo "1967"]
[EventDate "2007.10.04"]
[PlyCount "90"]

1.e4 c5 2.Nc3 d6 3.f4 g6 4.Nf3 Bg7 5.Bc4 e6 6.O-O Nc6 7.d3 Nge7 8.Qe1 O-O 
9.f5 gxf5 10.Qg3 Kh8 11.Bb3 Na5 12.Bg5 Nxb3 13.axb3 f6 14.Bd2 e5 15.exf5 
Nxf5 16.Qf2 Be6 17.Ne4 b6 18.g4 Ne7 19.Qh4 d5 20.Ng3 Qd7 21.g5 Ng6 22.Qa4 
b5 23.Qa6 f5 24.Nh5 e4 25.Nxg7 Kxg7 26.Ne1 d4 27.dxe4 fxe4 28.Rxf8 Kxf8 
29.Ng2 e3 30.Rf1+ Kg8 31.Be1 Rf8 32.Rxf8+ Kxf8 33.Bg3 c4 34.bxc4 bxc4 35.
Qd6+ Ke8 36.Qxd7+ Kxd7 37.Bb8 e2 38.Kf2 d3 39.cxd3 cxd3 40.Ke3 Bc4 41.Bxa7
Ne5 42.Ne1 Ng4+ 43.Kd2 Nxh2 44.Bf2 Nf1+ 45.Kc3 d2 0-1

[Event "zonal 3.4 (w)"]
[Site "Tashkent UZB"]
[Date "2007.10.05"]
[Round "2"]
[White "Aketaeva, Dana"]
[Black "Sabirova, Olga"]
[Result "1-0"]
[WhiteElo "2212"]
[BlackElo "2256"]
[EventDate "2007.10.04"]
[PlyCount "81"]

1.Nf3 Nf6 2.c4 g6 3.Nc3 Bg7 4.d4 d6 5.g3 O-O 6.Bg2 Nbd7 7.O-O e5 8.e4 exd4
9.Nxd4 Re8 10.h3 Nc5 11.Re1 a5 12.Rb1 h6 13.b3 Nh7 14.a3 c6 15.b4 axb4 16.
axb4 Ne6 17.Nde2 Neg5 18.Kh2 f5 19.f3 Nf6 20.Nd4 Nh5 21.f4 Nxe4 22.Nxe4 
fxe4 23.Rxe4 Ra2 24.Re3 c5 25.bxc5 dxc5 26.Rxe8+ Qxe8 27.Nf3 Kh7 28.Bd2 
Qd7 29.Rb6 Nf6 30.Qe1 Qc7 31.Rb3 Qd6 32.Re3 Bd7 33.Bc3 Bc6 34.Be5 Qd7 35.
Re2 Rxe2 36.Qxe2 Ne8 37.Bxg7 Qxg7 38.Ne5 Bxg2 39.Qxg2 Nd6 40.Qd5 Qc7 41.
Qe6 1-0

[Event "zonal 3.4 (w)"]
[Site "Tashkent UZB"]
[Date "2007.10.05"]
[Round "2"]
[White "Khamrakulova, Iroda"]
[Black "Antonova, Nadezhda"]
[Result "1/2-1/2"]
[WhiteElo "2193"]
[BlackElo "1846"]
[EventDate "2007.10.04"]
[PlyCount "61"]

1.e4 c5 2.c3 d5 3.exd5 Qxd5 4.d4 Nc6 5.Be3 cxd4 6.cxd4 Nf6 7.Nc3 Qa5 8.Nf3
Bg4 9.Be2 e6 10.O-O Be7 11.h3 Bh5 12.a3 Nd5 13.Rc1 O-O 14.Nxd5 Qxd5 15.Ne5
Bxe2 16.Nxc6 Qxc6 17.Qxe2 Qd7 18.Rc2 Bf6 19.Rd1 Rfd8 20.Rcd2 Qd5 21.Rc1 b6
22.Qa6 h6 23.f4 Rd7 24.a4 Qd6 25.Rc4 Rc7 26.Rdc2 Rxc4 27.Rxc4 Qd7 28.a5 
bxa5 29.Qxa5 Bd8 30.Qc5 Bb6 31.Qe5 1/2-1/2

[Event "zonal 3.4 (w)"]
[Site "Tashkent UZB"]
[Date "2007.10.05"]
[Round "2"]
[White "Muminova, Nafisa"]
[Black "Tokhiryanova, Khulkar"]
[Result "1-0"]
[WhiteElo "2164"]
[BlackElo "1967"]
[EventDate "2007.10.04"]
[PlyCount "93"]

1.e4 c6 2.d4 d5 3.Nd2 dxe4 4.Nxe4 Bf5 5.Ng3 Bg6 6.h4 h6 7.Nf3 Nd7 8.h5 Bh7
9.Bd3 Bxd3 10.Qxd3 e6 11.Bf4 Qa5+ 12.Bd2 Qc7 13.O-O-O Ngf6 14.Ne4 Nxe4 15.
Qxe4 Nf6 16.Qe2 O-O-O 17.c4 Bd6 18.g3 c5 19.Bc3 Rhf8 20.Ne5 Nd7 21.f4 f6 
22.Nxd7 Kxd7 23.dxc5 Qxc5 24.Bd4 Qf5 25.Rhe1 Ke7 26.Qe4 Qxe4 27.Rxe4 b6 
28.Rde1 Kf7 29.Kc2 Rfe8 30.Kc3 f5 31.R4e2 Bb4+ 32.Kxb4 Rxd4 33.Kc3 Rd7 34.
Rd2 Rxd2 35.Kxd2 Rc8 36.Kc3 Ke7 37.b4 Rc7 38.a4 Kf6 39.a5 bxa5 40.bxa5 Rc6
41.Kb4 g6 42.hxg6 Kxg6 43.Kb5 Rd6 44.c5 a6+ 45.Kc4 Rc6 46.Rb1 Kf6 47.Rb6 
1-0

[Event "zonal 3.4 (w)"]
[Site "Tashkent UZB"]
[Date "2007.10.05"]
[Round "2"]
[White "Rysbaeva, Aigerim"]
[Black "Khamrakulova, Yulduz"]
[Result "1/2-1/2"]
[WhiteElo "2163"]
[BlackElo "2185"]
[EventDate "2007.10.04"]
[PlyCount "94"]

1.e4 e5 2.Nf3 Nf6 3.d3 Nc6 4.c3 Be7 5.Nbd2 d5 6.Qc2 O-O 7.Be2 h6 8.Nf1 Be6
9.Ng3 Re8 10.O-O Bf8 11.Bd2 Rc8 12.Rad1 g6 13.Bc1 d4 14.Ne1 Nd7 15.f4 exf4
16.Bxf4 Bg7 17.Nf3 Nde5 18.c4 Qe7 19.a3 a5 20.Nxe5 Nxe5 21.Qd2 g5 22.Bxe5 
Bxe5 23.Nf5 Bxf5 24.Rxf5 b6 25.Bh5 Rf8 26.Rdf1 f6 27.Bg4 Rcd8 28.R5f3 Kg7 
29.Rh3 Rh8 30.Qe2 Qf7 31.Qf3 Bf4 32.Qd1 Be5 33.Rf5 Qe7 34.Bh5 Qd6 35.Rf1 
Qe6 36.Bg4 Qf7 37.Bh5 Qe6 38.Rf5 Qd6 39.Rf1 Qe6 40.Bg4 Qf7 41.Qf3 Bf4 42.
Qd1 Be5 43.Bh5 Qe6 44.Bg4 Qf7 45.Bh5 Qe6 46.Rf5 Qd6 47.Rf1 Qe6 1/2-1/2

[Event "zonal 3.4 (w)"]
[Site "Tashkent UZB"]
[Date "2007.10.06"]
[Round "3"]
[White "Antonova, Nadezhda"]
[Black "Muminova, Nafisa"]
[Result "0-1"]
[WhiteElo "1846"]
[BlackElo "2164"]
[EventDate "2007.10.04"]
[PlyCount "48"]

1.d4 Nf6 2.c4 c5 3.d5 b5 4.cxb5 a6 5.f3 g6 6.e4 d6 7.Nc3 Bg7 8.bxa6 Bxa6 
9.Bxa6 Nxa6 10.Nge2 O-O 11.O-O Qb6 12.Kh1 Rfb8 13.Rb1 Nd7 14.a3 c4 15.Bg5 
Ne5 16.Nd4 Nd3 17.Nc6 Nf2+ 18.Rxf2 Qxf2 19.Nxb8 Rxb8 20.Qc1 Nc5 21.Be3 Qh4
22.Bxc5 dxc5 23.Ne2 Qf2 24.Qxc4 Rxb2 0-1

[Event "zonal 3.4 (w)"]
[Site "Tashkent UZB"]
[Date "2007.10.06"]
[Round "3"]
[White "Khamrakulova, Yulduz"]
[Black "Khamrakulova, Iroda"]
[Result "1/2-1/2"]
[WhiteElo "2185"]
[BlackElo "2193"]
[EventDate "2007.10.04"]
[PlyCount "54"]

1.Nf3 Nf6 2.d4 e6 3.c4 d5 4.Nc3 Be7 5.Bg5 O-O 6.e3 b6 7.Bd3 Bb7 8.O-O Nbd7
9.Qe2 Ne4 10.Bxe7 Qxe7 11.Rac1 Nxc3 12.Rxc3 dxc4 13.Bxc4 Rfc8 14.Rfc1 a6 
15.Bd3 c5 16.a4 h6 17.Bb1 Qf6 18.dxc5 Nxc5 19.a5 Nd7 20.Rxc8+ Bxc8 21.Rc7 
bxa5 22.Qc2 Qd8 23.Ne5 Kf8 24.Nd3 Nf6 25.Ne5 Nd7 26.Nd3 Nf6 27.Ne5 Nd5 
1/2-1/2

[Event "zonal 3.4 (w)"]
[Site "Tashkent UZB"]
[Date "2007.10.06"]
[Round "3"]
[White "Sabirova, Olga"]
[Black "Rysbaeva, Aigerim"]
[Result "1-0"]
[WhiteElo "2256"]
[BlackElo "2163"]
[EventDate "2007.10.04"]
[PlyCount "119"]

1.e4 e5 2.Nc3 Nf6 3.Bc4 Nc6 4.d3 Bb4 5.Ne2 d5 6.exd5 Nxd5 7.O-O Be6 8.Bxd5
Bxd5 9.f4 f6 10.Nxd5 Qxd5 11.f5 O-O-O 12.Ng3 Be7 13.Ne4 g6 14.Ng3 Nd4 15.
Be3 Qd7 16.Bxd4 Qxd4+ 17.Kh1 g5 18.Qf3 h5 19.Qe4 Qc5 20.Qa4 h4 21.Ne4 Qb6 
22.Qb3 h3 23.g3 Qc6 24.Qe6+ Qxe6 25.fxe6 Rhf8 26.Rf5 Rd4 27.Raf1 Rxe4 28.
dxe4 Rd8 29.R5f2 Rd4 30.Re2 c6 31.g4 Kc7 32.Re3 Kd6 33.Rd3 Kxe6 34.Rxd4 
exd4 35.Rf3 Ke5 36.Rxh3 Kxe4 37.Rh7 Bc5 38.Rxb7 d3 39.cxd3+ Kxd3 40.Rc7 
Bd4 41.Rxc6 Bxb2 42.Ra6 Bd4 43.Kg2 Ke4 44.Ra4 Ke3 45.h4 gxh4 46.Kh3 Ke4 
47.Kxh4 Ke5 48.Kh5 Bg1 49.Kg6 Bb6 50.Rc4 Be3 51.a4 Bg1 52.Rc1 Bd4 53.Rf1 
Ke6 54.Re1+ Be5 55.Re2 a5 56.Re1 Kd5 57.Kf5 Kd4 58.Re4+ Kd5 59.g5 Bc3 60.
g6 1-0

[Event "zonal 3.4 (w)"]
[Site "Tashkent UZB"]
[Date "2007.10.06"]
[Round "3"]
[White "Tokhiryanova, Khulkar"]
[Black "Aketaeva, Dana"]
[Result "0-1"]
[WhiteElo "1967"]
[BlackElo "2212"]
[EventDate "2007.10.04"]
[PlyCount "110"]

1.e4 e6 2.b3 c5 3.Nf3 Nc6 4.Bb2 d6 5.Nc3 Nf6 6.Bb5 Bd7 7.Qe2 a6 8.Bxc6 
Bxc6 9.O-O-O Be7 10.Rhg1 b5 11.d3 b4 12.Nb1 e5 13.Nfd2 a5 14.g3 Nd7 15.f4 
Bf6 16.f5 Bg5 17.h4 Bh6 18.Rdf1 a4 19.Qe1 axb3 20.axb3 O-O 21.g4 Bf4 22.g5
Ra2 23.Rxf4 exf4 24.h5 Ne5 25.h6 g6 26.Qf2 Rxb2 27.Kxb2 d5 28.Qxc5 Qd7 29.
d4 dxe4 30.Qxe5 f6 31.gxf6 Re8 32.Qc5 Qd5 33.fxg6 hxg6 34.Rxg6+ Kf7 35.Rg5
Qxc5 36.Rxc5 Ba8 37.Nc4 Kxf6 38.h7 e3 39.Nd6 Rh8 40.Rf5+ Ke6 41.Nf7 Rxh7 
42.Rxf4 Rxf7 43.Rxf7 Kxf7 44.Kc1 Be4 45.Kd1 Ke6 46.Nd2 Kd5 47.Nf1 Bf3+ 48.
Ke1 Kxd4 49.Nh2 Be4 50.Kd1 Kc3 51.Ke2 Bxc2 52.Kxe3 Bxb3 53.Nf3 Bc2 54.Nd4 
Bd3 55.Nf3 b3 0-1

[Event "zonal 3.4 (w)"]
[Site "Tashkent UZB"]
[Date "2007.10.07"]
[Round "4"]
[White "Antonova, Nadezhda"]
[Black "Khamrakulova, Yulduz"]
[Result "0-1"]
[WhiteElo "1846"]
[BlackElo "2185"]
[EventDate "2007.10.04"]
[PlyCount "80"]

1.Nf3 d5 2.d4 Nf6 3.c4 dxc4 4.e3 c5 5.Bxc4 e6 6.O-O a6 7.a4 Nc6 8.Qe2 cxd4
9.Rd1 Be7 10.exd4 O-O 11.Nc3 Nb4 12.Bg5 Nfd5 13.Nxd5 Nxd5 14.Bxd5 Bxg5 15.
Bc4 Bf6 16.d5 exd5 17.Bxd5 Qb6 18.Ne5 Bf5 19.Nc4 Qb4 20.Nd6 Bg6 21.Bxb7 
Rad8 22.Qc4 Qxb2 23.Qxa6 Qb4 24.Rac1 Bb2 25.Rc6 Ba3 26.h3 Qf4 27.g3 Qf3 
28.Rd4 Qb3 29.Qb5 Qe6 30.Qa6 Qe5 31.Rd1 Rfe8 32.Rc8 Bxd6 33.Rxd6 Rxc8 34.
Bxc8 Qe1+ 35.Kg2 Be4+ 36.f3 Bc2 37.h4 Re2+ 38.Kh3 h5 39.g4 Qh1+ 40.Kg3 
Qh2# 0-1

[Event "zonal 3.4 (w)"]
[Site "Tashkent UZB"]
[Date "2007.10.07"]
[Round "4"]
[White "Khamrakulova, Iroda"]
[Black "Sabirova, Olga"]
[Result "1/2-1/2"]
[WhiteElo "2193"]
[BlackElo "2256"]
[EventDate "2007.10.04"]
[PlyCount "120"]

1.e4 e5 2.Nf3 Nc6 3.d4 exd4 4.Nxd4 Bc5 5.Nb3 Bb4+ 6.c3 Be7 7.Bd3 Nf6 8.Nd4
O-O 9.O-O d6 10.h3 Re8 11.Re1 Nd7 12.Nd2 Bf6 13.N2b3 a5 14.a4 g6 15.Bd2 
Nce5 16.Bc2 Nc4 17.Qc1 Nxd2 18.Qxd2 Nb6 19.f4 Bg7 20.Qf2 Nd7 21.Nd2 Nc5 
22.N2f3 b6 23.e5 Bb7 24.Rad1 Bxf3 25.Nxf3 Qd7 26.exd6 Rxe1+ 27.Qxe1 cxd6 
28.Qd2 Rd8 29.b3 Qc7 30.Nd4 d5 31.Nb5 Qb8 32.b4 Ne6 33.f5 Nf4 34.Re1 Bh6 
35.Qf2 Re8 36.Nd4 Qd8 37.Kh2 Rxe1 38.Qxe1 Qg5 39.Qf2 Nh5 40.Bd1 Qf4+ 41.
Qxf4 Bxf4+ 42.Kg1 Be3+ 43.Kh2 axb4 44.Ne2 bxc3 45.Nxc3 Nf6 46.fxg6 hxg6 
47.Bb3 d4 48.Nd5 Nxd5 49.Bxd5 d3 50.Kg3 d2 51.Bb3 Kg7 52.Kf3 Bc5 53.Ke2 
Bb4 54.Bd5 f5 55.Bc6 Kf6 56.Be8 g5 57.Bc6 Ke5 58.Bd7 Ke4 59.Be6 f4 60.Bc4 
Kd4 1/2-1/2

[Event "zonal 3.4 (w)"]
[Site "Tashkent UZB"]
[Date "2007.10.07"]
[Round "4"]
[White "Muminova, Nafisa"]
[Black "Aketaeva, Dana"]
[Result "0-1"]
[WhiteElo "2164"]
[BlackElo "2212"]
[EventDate "2007.10.04"]
[PlyCount "134"]

1.e4 e5 2.d4 d6 3.Nf3 Nd7 4.Nc3 Ngf6 5.Bg5 c6 6.Be2 Be7 7.O-O Qc7 8.a4 h6 
9.Bc1 O-O 10.b3 Re8 11.Bb2 Bf8 12.Re1 b6 13.Nh4 a6 14.Bc4 Rb8 15.Qd2 b5 
16.axb5 axb5 17.Bf1 g6 18.g3 Bg7 19.Bg2 Bb7 20.dxe5 dxe5 21.Ba3 Qb6 22.Qe2
Ba6 23.Bc1 Ra8 24.Be3 Qc7 25.Qd2 Kh7 26.Na2 Ng4 27.Bh3 Nxe3 28.Qxd7 Qxd7 
29.Bxd7 Nxc2 30.Bxc6 Nxe1 31.Rxe1 Bb7 32.Bxe8 Rxe8 33.Nc3 Bc6 34.Ng2 Rd8 
35.Ne3 Rd4 36.Nc2 Rd3 37.Re3 Rxe3 38.Nxe3 Bf8 39.Kf1 Bc5 40.Ke2 Bd4 41.
Ncd5 Kg7 42.Nc2 Bc5 43.Ncb4 Bxb4 44.Nxb4 Bxe4 45.Na6 Bd5 46.Nc5 Kf6 47.Kd3
Ke7 48.Kc3 Kd6 49.Kb4 Bc6 50.Nd3 f5 51.Nc1 g5 52.Ne2 f4 53.gxf4 gxf4 54.h3
Kd5 55.h4 h5 56.Ka5 Kc5 57.Nc3 Kd4 58.Ne2+ Kd3 59.Ng1 Kc3 60.b4 Kc4 61.Nh3
Bg2 62.Ng5 e4 63.Ne6 e3 64.Nxf4 exf2 65.Nxg2 Kd3 66.Nf4+ Ke3 67.Nd5+ Kd4 
0-1

[Event "zonal 3.4 (w)"]
[Site "Tashkent UZB"]
[Date "2007.10.07"]
[Round "4"]
[White "Rysbaeva, Aigerim"]
[Black "Tokhiryanova, Khulkar"]
[Result "0-1"]
[WhiteElo "2163"]
[BlackElo "1967"]
[EventDate "2007.10.04"]
[PlyCount "74"]

1.e4 c5 2.Nf3 d6 3.d4 cxd4 4.Nxd4 Nf6 5.Nc3 a6 6.Bg5 e6 7.Be2 Be7 8.O-O 
O-O 9.Qd3 Nbd7 10.Rad1 Qc7 11.f4 b5 12.a3 Bb7 13.Bf3 Rac8 14.Qe3 Rfe8 15.
f5 Bf8 16.fxe6 fxe6 17.Qf2 Ba8 18.Qg3 b4 19.axb4 Qb6 20.Bxf6 Nxf6 21.e5 
dxe5 22.Qxe5 Bxf3 23.Rxf3 Qxb4 24.Nb3 Qb6+ 25.Kh1 Rcd8 26.Rxd8 Rxd8 27.h3 
Kh8 28.Rf1 Bd6 29.Qxe6 Re8 30.Qf5 Qe3 31.Qf3 Qe5 32.g3 Nh5 33.Kg2 Nxg3 34.
Rd1 Nf5 35.Kf1 Ne3+ 36.Ke2 Nxd1+ 37.Kd3 Nxb2+ 0-1

[Event "zonal 3.4 (w)"]
[Site "Tashkent UZB"]
[Date "2007.10.08"]
[Round "5"]
[White "Aketaeva, Dana"]
[Black "Rysbaeva, Aigerim"]
[Result "0-1"]
[WhiteElo "2212"]
[BlackElo "2163"]
[EventDate "2007.10.04"]
[PlyCount "90"]

1.Nf3 d5 2.d4 Nf6 3.c4 dxc4 4.e3 e6 5.Bxc4 c5 6.O-O a6 7.dxc5 Qxd1 8.Rxd1 
Bxc5 9.Kf1 Nbd7 10.Be2 Ke7 11.Nbd2 Rd8 12.Nb3 Bd6 13.Nfd4 Nc5 14.Na5 Kf8 
15.Nc4 Bc7 16.Bd2 Bd7 17.Bb4 b6 18.Nb3 Kg8 19.Nxc5 bxc5 20.Bxc5 Bb5 21.Be7
Rxd1+ 22.Rxd1 Nd5 23.Bc5 Rd8 24.Na3 Nxe3+ 25.fxe3 Rxd1+ 26.Kf2 Bxe2 27.
Kxe2 Rd5 28.Bd4 Bxh2 29.Nc2 Rg5 30.Kf3 Be5 31.b4 Bxd4 32.Nxd4 e5 33.Nc6 
e4+ 34.Kxe4 Rxg2 35.a4 h5 36.b5 axb5 37.axb5 h4 38.Kf3 Rb2 39.Kg4 Rxb5 40.
Kxh4 g6 41.Kg4 Kg7 42.Kf3 f5 43.Nd4 Ra5 44.Nc6 Ra4 45.Ne5 g5 0-1

[Event "zonal 3.4 (w)"]
[Site "Tashkent UZB"]
[Date "2007.10.08"]
[Round "5"]
[White "Khamrakulova, Yulduz"]
[Black "Muminova, Nafisa"]
[Result "1/2-1/2"]
[WhiteElo "2185"]
[BlackElo "2164"]
[EventDate "2007.10.04"]
[PlyCount "102"]

1.d4 Nf6 2.c4 c5 3.d5 b5 4.cxb5 a6 5.bxa6 g6 6.Nc3 Bxa6 7.Nf3 Bg7 8.g3 O-O
9.Bg2 d6 10.O-O Nbd7 11.Rb1 Qa5 12.Bd2 Qc7 13.b3 Nb6 14.Ne1 Rae8 15.Nc2 
Qb7 16.Ne3 Qa8 17.a4 Bb7 18.Bc1 Nh5 19.Nb5 Rc8 20.Nc4 Nd7 21.e4 Ba6 22.Bh3
Nhf6 23.Nba3 Rb8 24.Re1 Bc8 25.Bd2 h5 26.f3 Qa6 27.Bf1 Qa8 28.Nb5 Ne8 29.
Na5 Ne5 30.Nc4 Kh7 31.Bc3 Bd7 32.Nxe5 dxe5 33.Qd2 Nd6 34.Na3 f5 35.Nc4 Nf7
36.a5 fxe4 37.fxe4 Bh6 38.Qc2 Qa7 39.Bd2 Ng5 40.Bg2 Bb5 41.Be3 Bxc4 42.
Qxc4 Nf3+ 43.Bxf3 Rxf3 44.Bxc5 Qxa5 45.b4 Qa3 46.Ra1 Rxg3+ 47.hxg3 Qxg3+ 
48.Kh1 Qh3+ 49.Kg1 Qg3+ 50.Kh1 Qh3+ 51.Kg1 Qg3+ 1/2-1/2

[Event "zonal 3.4 (w)"]
[Site "Tashkent UZB"]
[Date "2007.10.08"]
[Round "5"]
[White "Sabirova, Olga"]
[Black "Antonova, Nadezhda"]
[Result "1-0"]
[WhiteElo "2256"]
[BlackElo "1846"]
[EventDate "2007.10.04"]
[PlyCount "75"]

1.e4 c5 2.Nc3 Nc6 3.Bb5 Nd4 4.Bc4 a6 5.a4 e6 6.Nf3 d6 7.d3 Nf6 8.Nxd4 cxd4
9.Ne2 e5 10.O-O Be7 11.f4 O-O 12.f5 b6 13.Ng3 Bb7 14.Qe2 Rc8 15.Bd2 d5 16.
Bb3 Qd6 17.Rad1 Rfd8 18.Bc1 b5 19.axb5 axb5 20.Rfe1 dxe4 21.dxe4 Ba6 22.
Bg5 b4 23.Qf3 Qc5 24.Nf1 Bc4 25.Nd2 Bxb3 26.cxb3 d3+ 27.Be3 Qc2 28.Nc4 
Qxb3 29.Nxe5 Rc2 30.Bb6 Rd6 31.Rxd3 Qxb2 32.Rxd6 Bxd6 33.Nd3 Qc3 34.e5 Rd2
35.exd6 h5 36.Rd1 b3 37.Rxd2 Qxd2 38.Bd4 1-0

[Event "zonal 3.4 (w)"]
[Site "Tashkent UZB"]
[Date "2007.10.08"]
[Round "5"]
[White "Tokhiryanova, Khulkar"]
[Black "Khamrakulova, Iroda"]
[Result "1-0"]
[WhiteElo "1967"]
[BlackElo "2193"]
[EventDate "2007.10.04"]
[PlyCount "105"]

1.e4 Nc6 2.d4 e5 3.d5 Nb8 4.Be3 d6 5.c4 Nf6 6.Nc3 g6 7.Be2 Bg7 8.h3 Na6 9.
Nf3 O-O 10.Nh2 Nc5 11.Qc2 a5 12.g4 Ne8 13.O-O-O h6 14.h4 Na6 15.Nf1 c6 16.
Qd2 Kh7 17.dxc6 bxc6 18.c5 d5 19.exd5 cxd5 20.Qxd5 Qxd5 21.Nxd5 Bb7 22.Bf3
Kh8 23.Nd2 Rc8 24.Nb6 Rc7 25.Bxb7 Rxb7 26.Kb1 f5 27.gxf5 gxf5 28.f3 Rc7 
29.Ndc4 Nf6 30.Nd5 Nxd5 31.Rxd5 Nb4 32.Rd6 e4 33.f4 Nd3 34.c6 Rb8 35.Rh2 
a4 36.a3 Kh7 37.Rg2 Rbc8 38.Na5 Rb8 39.Nc4 Rbc8 40.Na5 Rb8 41.Nc4 Rbc8 42.
Rgg6 Rb8 43.Rg2 Rbc8 44.Rgg6 Rb8 45.Bb6 Rf7 46.c7 Rc8 47.Rc6 Nxf4 48.h5 
Bf8 49.Nd6 Bxd6 50.Rgxd6 e3 51.Bxe3 Nxh5 52.Rxh6+ Kg8 53.Rxh5 1-0

[Event "zonal 3.4 (w)"]
[Site "Tashkent UZB"]
[Date "2007.10.09"]
[Round "6"]
[White "Antonova, Nadezhda"]
[Black "Tokhiryanova, Khulkar"]
[Result "1-0"]
[WhiteElo "1846"]
[BlackElo "1967"]
[EventDate "2007.10.04"]
[PlyCount "55"]

1.d4 e6 2.c4 b6 3.e4 Bb7 4.Nc3 Bb4 5.Bd3 f5 6.Qh5+ g6 7.Qe2 Nf6 8.f3 fxe4 
9.fxe4 Bxc3+ 10.bxc3 Nxe4 11.Nf3 Nf6 12.O-O Qe7 13.Bg5 O-O 14.Nh4 Qg7 15.
Qe5 Nc6 16.Bxf6 Nxe5 17.Bxg7 Rxf1+ 18.Bxf1 Nxc4 19.Bh6 Nd6 20.c4 Ne4 21.
Nf3 a5 22.Bd3 a4 23.Rf1 a3 24.Bxe4 Bxe4 25.Ng5 Bd3 26.Rf7 Bxc4 27.Rg7+ Kf8
28.Nxh7+ 1-0

[Event "zonal 3.4 (w)"]
[Site "Tashkent UZB"]
[Date "2007.10.09"]
[Round "6"]
[White "Khamrakulova, Yulduz"]
[Black "Sabirova, Olga"]
[Result "1-0"]
[WhiteElo "2185"]
[BlackElo "2256"]
[EventDate "2007.10.04"]
[PlyCount "117"]

1.Nf3 Nf6 2.b3 g6 3.Bb2 Bg7 4.d4 O-O 5.e3 d6 6.Be2 b6 7.O-O Bb7 8.c4 Nbd7 
9.Qc1 Ne4 10.Rd1 e6 11.Nc3 f5 12.d5 Nxc3 13.Bxc3 e5 14.b4 Qe7 15.a4 Bh6 
16.Bd2 Nf6 17.Qc2 Bc8 18.a5 Bd7 19.Bc1 g5 20.Nd2 g4 21.Bf1 Nh5 22.Re1 Ng7 
23.Nb3 Qh4 24.g3 Qh5 25.c5 bxc5 26.bxc5 Ne8 27.Nd2 Bg7 28.c6 Bc8 29.Ra4 
Rf6 30.Bd3 e4 31.Bc4 Qg5 32.Rb4 Rf8 33.a6 h5 34.Bb2 h4 35.Bxg7 Qxg7 36.Qb2
Nf6 37.Rb1 hxg3 38.fxg3 f4 39.exf4 e3 40.Nf1 Bf5 41.Re1 Be4 42.Nxe3 Rfe8 
43.Qd2 Bf3 44.Nf5 Qh7 45.Nd4 Bxd5 46.Rxe8+ Rxe8 47.Bxd5+ Nxd5 48.Rb7 Qe4 
49.f5 Ne3 50.f6 Rf8 51.Rb3 Re8 52.Nb5 Qf3 53.f7+ Kxf7 54.Qf2 Qxf2+ 55.Kxf2
Nd1+ 56.Kf1 Ne3+ 57.Kg1 Nf5 58.Nxc7 Nd4 59.Nxe8 1-0

[Event "zonal 3.4 (w)"]
[Site "Tashkent UZB"]
[Date "2007.10.09"]
[Round "6"]
[White "Khamrakulova, Iroda"]
[Black "Aketaeva, Dana"]
[Result "1-0"]
[WhiteElo "2193"]
[BlackElo "2212"]
[EventDate "2007.10.04"]
[PlyCount "133"]

1.e4 e6 2.d4 d5 3.exd5 exd5 4.Bd3 Bd6 5.Nf3 Nc6 6.c3 Nge7 7.Be3 Bg4 8.h3 
Bh5 9.Nbd2 Qd7 10.Qc2 Bg6 11.Nh4 Bxd3 12.Qxd3 O-O-O 13.O-O-O f6 14.f4 Kb8 
15.Rhf1 g6 16.Nb3 Nf5 17.Nxf5 gxf5 18.Nc5 Bxc5 19.dxc5 Rhg8 20.Qc2 Qe6 21.
Bg1 d4 22.Kb1 dxc3 23.bxc3 Rde8 24.Rd2 Qc4 25.Rc1 Qxf4 26.Rf2 Qc4 27.Qxf5 
Ne5 28.Rd2 Qb5+ 29.Ka1 Nc4 30.Rdc2 Re5 31.Qxf6 Rge8 32.Qf1 Qa4 33.Bf2 Rf8 
34.Qd3 Ref5 35.Bg1 a6 36.Re2 Qa3 37.Rec2 Ne5 38.Qe2 Nc6 39.Qc4 Rf4 40.Qb3 
Qa4 41.Rb2 Na5 42.Qxa4 Rxa4 43.Rb4 Rf4 44.Rxa4 Rxa4 45.Kb2 Re4 46.g4 Nc4+ 
47.Kc2 Ne5 48.Rf1 Re2+ 49.Kb3 Rg2 50.Bd4 Nc6 51.Rf8+ Ka7 52.Bf2 Ne5 53.a4 
Nd3 54.Bd4 Rg3 55.c6+ b6 56.Rc8 Rxh3 57.Rxc7+ Kb8 58.Rb7+ Kc8 59.Bxb6 Rh6 
60.Rc7+ Kb8 61.Kc4 Ne5+ 62.Kd5 Nxg4 63.Rf7 Nf6+ 64.Ke6 Ne8+ 65.Kd7 Rd6+ 
66.Kxe8 Rxc6 67.Bd4 1-0

[Event "zonal 3.4 (w)"]
[Site "Tashkent UZB"]
[Date "2007.10.09"]
[Round "6"]
[White "Muminova, Nafisa"]
[Black "Rysbaeva, Aigerim"]
[Result "1-0"]
[WhiteElo "2164"]
[BlackElo "2163"]
[EventDate "2007.10.04"]
[PlyCount "37"]

1.e4 e5 2.Nf3 Nc6 3.Bb5 a6 4.Ba4 Nf6 5.O-O b5 6.Bb3 Bc5 7.c3 d6 8.d3 O-O 
9.h3 h6 10.Be3 Bb7 11.Nbd2 Qe7 12.Nh4 Rfe8 13.Nf5 Qd8 14.Qf3 Bxe3 15.fxe3 
Na5 16.Qg3 Nh5 17.Bxf7+ Kxf7 18.Nxh6+ Ke6 19.Qg4+ 1-0

[Event "zonal 3.4 (w)"]
[Site "Tashkent UZB"]
[Date "2007.10.10"]
[Round "7"]
[White "Aketaeva, Dana"]
[Black "Antonova, Nadezhda"]
[Result "1-0"]
[WhiteElo "2212"]
[BlackElo "1846"]
[EventDate "2007.10.04"]
[PlyCount "67"]

1.e4 c5 2.Nf3 e6 3.d4 cxd4 4.Nxd4 Nf6 5.Nc3 d6 6.Be2 Nc6 7.O-O Be7 8.f4 
Qb6 9.Be3 Qxb2 10.Qd2 O-O 11.a4 Qb4 12.a5 Nxd4 13.Bxd4 e5 14.Be3 Nxe4 15.
Nxe4 Qxe4 16.Bf3 Qg6 17.Bd5 exf4 18.Rxf4 Bg5 19.Rxf7 Rxf7 20.Bxf7+ Qxf7 
21.Bxg5 d5 22.Rf1 Qe6 23.Re1 Qc6 24.Re7 Be6 25.Qd4 Bf7 26.h4 b6 27.Qf2 Bg6
28.Qd4 Bf7 29.Qf4 Rf8 30.Rc7 Qb5 31.Be7 Re8 32.Bb4 Bg6 33.Qd4 Bf7 34.Bc3 
1-0

[Event "zonal 3.4 (w)"]
[Site "Tashkent UZB"]
[Date "2007.10.10"]
[Round "7"]
[White "Rysbaeva, Aigerim"]
[Black "Khamrakulova, Iroda"]
[Result "0-1"]
[WhiteElo "2163"]
[BlackElo "2193"]
[EventDate "2007.10.04"]
[PlyCount "65"]

1.e4 c6 2.d4 d5 3.exd5 cxd5 4.c4 Nf6 5.Nc3 Nc6 6.Nf3 g6 7.Bd3 Bg7 8.O-O 
O-O 9.Re1 Bg4 10.Be3 Nb4 11.Bf1 Rc8 12.Qb3 a5 13.Ne5 Be6 14.c5 Nd7 15.Nxd7
Qxd7 16.Na4 Rcd8 17.Nb6 Qc7 18.g3 g5 19.a3 Nc6 20.Qa4 h6 21.Bb5 Bh3 22.
Rad1 e5 23.Bxc6 bxc6 24.Qxa5 Qe7 25.dxe5 Qxe5 26.Bd4 Qf5 27.Qc3 Bxd4 28.
Rxd4 Rfe8 29.Rdd1 d4 30.Qb3 d3 31.Nc4 Qf3 32.Rxe8+ Rxe8 33.Ne3 0-1

[Event "zonal 3.4 (w)"]
[Site "Tashkent UZB"]
[Date "2007.10.10"]
[Round "7"]
[White "Sabirova, Olga"]
[Black "Muminova, Nafisa"]
[Result "0-1"]
[WhiteElo "2256"]
[BlackElo "2164"]
[EventDate "2007.10.04"]
[PlyCount "120"]

1.e4 e6 2.Nc3 c5 3.g3 Nc6 4.Bg2 g6 5.d3 d6 6.f4 Bg7 7.Nf3 Nge7 8.O-O O-O 
9.Be3 Nd4 10.Rb1 Rb8 11.Ne2 e5 12.c3 Nxe2+ 13.Qxe2 b6 14.d4 cxd4 15.cxd4 
exf4 16.Bxf4 Bg4 17.e5 Nd5 18.Qe4 Nxf4 19.Qxf4 Bf5 20.Rbd1 dxe5 21.Nxe5 
Rc8 22.Rfe1 Qd6 23.g4 Be6 24.Nxg6 Qxf4 25.Nxf4 Bxg4 26.Rd2 Rc4 27.b3 Rxd4 
28.Rxd4 Bxd4+ 29.Kf1 Rc8 30.Be4 Bb2 31.Nd5 Kg7 32.Kg2 Rc1 33.Rxc1 Bxc1 34.
Kg3 Be6 35.Nc7 Bd7 36.a4 f5 37.Bd5 Kf6 38.Nb5 a5 39.Bf3 Ke5 40.Nc3 Be6 41.
Bd1 f4+ 42.Kg2 Bd2 43.Nb5 Bd5+ 44.Kf1 f3 45.Nc7 Be4 46.Kf2 Kf4 47.Ne6+ Ke5
48.Nc7 Bf4 49.Bxf3 Bxf3 50.Kxf3 Bxh2 51.Nb5 h5 52.Na3 Kd4 53.Nc4 Kc5 54.
Ke4 h4 55.Kf3 Bc7 56.Kg4 Bd8 57.Ne5 Bc7 58.Nf3 Kb4 59.Nd4 Bg3 60.Kh3 Kc3 
0-1